000 00491nam a22001817a 4500
003 DO-SdBNP
005 20180323135446.0
008 171030b 2016 dr 00| 0 spa d
020 _a9789945423389
040 _aBPMSU
_bspa
_cBPMSU
100 _aChevalier, Nan
245 _aPasión analílitica /
_cNan Chevalier
260 _aSanto Domingo :
_bUnapec,
_c2016
300 _a437 p. :
_c24 cm
942 _2ddc
_cBK
945 _aRemanejado para la BNPHU / 2018 VM
956 _aVMATEO
_b10
_dBPMSU
_f0069
999 _c12723
_d12723